00441nam a2200121Ia 4500008004100000082001700041100001900058245006900077260002700146300000800173630006900181730006900250100122s9999 xx 000 0 und d b30317a294.5 aOSBORNE ARTHUR aTHE TEACHINGS OF : Bhagavan Sri Ramana Maharshi in His Own Words bSIR RAMANASRANAMc1905 a256 aTHE TEACHINGS OF : Bhagavan Sri Ramana Maharshi in His Own Words aTHE TEACHINGS OF : Bhagavan Sri Ramana Maharshi in His Own Words